[Event "Buenos Aires Ramos Memorial"]
[Site "Buenos Aires"]
[Date "2024.03.30"]
[Round "4"]
[White "Queimalinos, Juan"]
[Black "Schuster, Carlos"]
[Result "1/2-1/2"]
[WhiteElo "1894"]
[BlackElo "2211"]
[PlyCount "72"]
[EventDate "2024.03.29"]
[EventType "swiss"]
[EventRounds "6"]
[EventCountry "ARG"]
[SourceTitle "CB14_2024"]
[SourceDate "2024.04.01"]
[SourceVersion "1"]
[SourceVersionDate "2024.04.01"]
[SourceQuality "1"]

1. e4 c5 2. Nf3 d6 3. c3 Nf6 4. h3 e6 5. Bd3 Be7 6. Bc2 Nbd7 7. d4 Qc7 8. 0-0 b6 9. Re1 e5 10. dxe5 dxe5 11. c4 Ba6 12. Qe2 0-0-0 13. a4 Nb8 14. a5 Nc6 15. axb6 Qxb6 16. Bd2 Bb7 17. Nc3 Nb4 18. Na4 Qc7 19. Bc3 Nd7 20. Bxb4 cxb4 21. c5 Nxc5 22. Nxc5 Bxc5 23. Bd3 Kb8 24. Ba6 f6 25. Rec1 Qb6 26. b3 Rc8 27. Bxb7 Kxb7 28. Nd2 Ka8 29. Nc4 Qe6 30. Ra4 Rc7 31. Rca1 Rb8 32. Ra6 Rc6 33. R6a5 Rd8 34. Qa2 Rd7 35. Qa4 Rb7 36. Qa2 Rd7 1/2-1/2